000 00336nam a2200121 i 4500
001 bg
245 0 _aMetodyka badań osadów czwartorzędowych /
_cpod red. nauk. Edwarda Rühlego.
260 _aWarszawa :
_bWydawnictwa Geologiczne,
_c1973.
040 _cBPK
041 _apol
942 _cKS
008 s pl f |000 0 pol
999 _c26174
_d26174
856 _uhttp://koha.tu.koszalin.pl/cgi-bin/koha/opac-detail.pl?biblionumber=26174
_yKatalog online BPK